Quel est ce Pokémon? (bonus) - Statistiques

Statistiques générales
  • Ce quiz a été pris 56 fois
  • Le résultat moyen est 9 sur 10
Statistiques - réponses
Par images Réponse % Correct
Salamèche
98%
Tortank
98%
Arcanin
96%
Persian
90%
Mélofée
88%
Sablaireau
87%
Roucoups
85%
Voltorbe
83%
Chétiflor
77%
Hypocéan
73%
Aucun quiz correspondant
Distribution des résultats
% des personnes avec chaque résultat
Percentile par nombre de réponses
Votre historique - résultats
Vous n’avez pas pris ce quiz